| 000 | 01174nam a2200289 4500 | ||
|---|---|---|---|
| 003 | OSt | ||
| 005 | 20260530113911.0 | ||
| 008 | 260423b2002 xxua|||| |||| 00| 0 eng d | ||
| 020 | _a9789057680403 | ||
| 040 |
_aICI _bspa _cICI |
||
| 041 |
_aeng _adut _afre _aspa _aita _apor _ajpn _achi |
||
| 050 | 4 |
_aTT870 _bW573 |
|
| 100 | 1 |
_aWithers, Laurence K., _eautor _933410 |
|
| 245 | 1 | 0 |
_aFolding patterns for display & publicity = _bDiseños de pliegues para presentaciones y publicidad / _c[designs and drawings by Laurence K. Withers] |
| 246 | 3 | 0 | _aDiseños de pliegues para presentaciones y publicidad |
| 264 | 1 |
_aAmsterdam : _bPepin/Agile Rabbit, _c2002 |
|
| 300 |
_a423 páginas : _bilustraciones (principalmente a color) + _eCD-ROM (4 3/4 plg.) |
||
| 336 |
_2rdacontent _atexto |
||
| 337 |
_2rdamedia _asin medio |
||
| 338 |
_2rdacarrier _avolumen |
||
| 500 | _aTexto en inglés, alemán, francés, español, italiano, portugués, japones y chino | ||
| 650 | 4 |
_aPlegado de papel (Diseño gráfico) _vManuales _933411 |
|
| 650 | 4 |
_aEnvases de papel _vManuales _933412 |
|
| 650 | 4 |
_aEnvasado _xDiseño _933413 |
|
| 650 | 4 |
_aExhibición de mercancías _933414 |
|
| 942 |
_2lcc _n1 _cBK |
||
| 999 |
_c12132 _d12132 |
||